000 00250nam a22000977a 4500
999 _c11732
_d11732
008 200113b ||||| |||| 00| 0 eng d
020 _a5148800399
100 _aHolub Joan
_97421
245 _aWhy Do Birds Sing?
260 _aPuffin Biooks
_bNew York
_c2004